LEADER 02868 am 2200517 n 450 001 9910252740403321 005 20230802183947.0 010 $a979-1-03-650085-5 024 7 $a10.4000/books.pum.6878 035 $a(CKB)4100000001653817 035 $a(FrMaCLE)OB-pum-6878 035 $a(oapen)https://directory.doabooks.org/handle/20.500.12854/40739 035 $a(PPN)224386913 035 $a(EXLCZ)994100000001653817 100 $a20180123j|||||||| ||| 0 101 0 $afre 135 $auu||||||m|||| 181 $ctxt$2rdacontent 182 $cc$2rdamedia 183 $acr$2rdacarrier 200 10$aAménagement du paysage urbain $eÉcole d?architecture du paysage, 2003-2013 /$fNicole Valois 210 $aMontréal $cPresses de l?Université de Montréal$d2017 215 $a1 online resource (114 p.) 311 $a2-7606-3439-6 330 $aCet ouvrage expose une sélection de projets d'étudiants de l'atelier Aménagement du paysage urbain de l'École d'architecture de paysage de l'Université de Montréal, réalisés de 2003 à 2013. Les solutions créatives d'espaces publics et de structures vertes présentées par les étudiants témoignent d'une grande sensibilité à la qualité du milieu de vie d'une population urbaine croissante et diversifiée. Très imaginatives, les propositions paysagères illustrées au moyen de dessins à main levée ou numériques s'appuient sur une position affirmée quant à la place de la nature en ville, en congruence avec les préoccupations environnementales d'aujourd'hui. En présentant un ou deux projets de chaque année universitaire, l'ouvrage rend compte de l'évolution des thèmes de l'aménagement de l'espace libre urbain ; alors que les friches industrielles prennent le devant de la scène au début des années 2000, le potentiel de verdissement marque les années 2010, accompagné de nouvelles tendances comme l'agriculture urbaine, les toits verts, la récupération des eaux, etc. Richement illustré, l'ouvrage vise à souligner, à l'instar de tous les ateliers d'aménagement propres à la formation d'architectes paysagistes, la contribution des enseignements et de la production étudiante à la réflexion sur les paysages de la ville. 606 $aArchitecture 606 $aUrban Studies 606 $aurbanisme 606 $aaménagement 606 $apaysage 610 $aurbanisme 610 $aaménagement 610 $apaysage 615 4$aArchitecture 615 4$aUrban Studies 615 4$aurbanisme 615 4$aaménagement 615 4$apaysage 700 $aValois$b Nicole$f1960-$01375993 701 $aJacobs$b Peter$0651599 701 $aMeijerink$b Paula$01298014 801 0$bFR-FrMaCLE 906 $aBOOK 912 $a9910252740403321 996 $aAménagement du paysage urbain$93411202 997 $aUNINA LEADER 00737nam a2200181 i 4500 001 991004297335007536 005 20231130141356.0 008 231130s1973 fr e 000 0 fre d 040 $aBibl. Dip.le Aggr. Ingegneria Innovazione - Sez. Ingegneria Innovazione$bita 082 0 $a943.05 100 1 $aBrunschwig, Henri$0137291 245 00$aSociété et romantisme en Prusse au 18. siècle :$bla crise de l'etat prussien à la fin du 18. siècle et la genèse de la mentalité romantique /$cHenri Brunschwig 260 $aParis :$bFlammarion,$c1973 300 $a380 p.$c18 cm 651 7$aPrussia$xVita sociale$ySec.18. 912 $a991004297335007536 996 $aSociété et romantisme en Prusse au 18. siècle$93601061 997 $aUNISALENTO